000 00925nam a2200301 a 4500
001 000114268
003 CHAP
005 20220329144433.0
008 171204s2011 mx |r| ||||||spa d
010 _a110729
011 _a111701
020 _a9786074572001
040 _cCHAP
082 0 4 _a294.5
_bT35
100 1 _aTevar, Mahendra
_9134201
245 1 3 _aLa búsqueda del ser :
_bconversaciones con Sri Ramana Maharshi /
_cpor Mahendra Tevar.
260 _aMéxico, D.F. :
_bLectorum
_aBarceloa :
_bEl Grano de Mostaza,
_c2011.
300 _a183 p.
590 _aBATCH-UPD
_b05
_c20171204
_lUCH01
_h0910
590 _aE11695DGD
_b10
_c20171205
_lUCH01
_h1128
590 _aE5765TAJ
_b05
_c20171204
_lUCH01
_h0909
590 _aE5765TAJ
_b05
_c20171204
_lUCH01
_h0935
600 1 4 _aMaharshi, Ramana
_vBiografía.
_9134202
650 1 4 _aVida espiritual
_xHinduismo.
_9134203
901 _aBK
942 _cLIBRO
942 _n0
999 _c110729
_d110729